| 000 | 00454cam a2200145 4500 | ||
|---|---|---|---|
| 082 | 0 | 0 |
_a355.02 _bMOH _cD |
| 100 | 1 |
_aAyoob, Mohammed, _948843 |
|
| 245 | 1 | 4 |
_aThe liberation war _c[by] Mohammed Ayoob and K. Subrahmanyam. |
| 260 |
_aNew Delhi, _bS. Chand _c[1972] |
||
| 300 |
_axiii, 292 p. _c23 cm. |
||
| 526 |
_a0 _b0 _c0 _d355_020000000000000_MOH |
||
| 650 | 0 |
_aIndia-Pakistan, Conflict, 1971. _95188 |
|
| 700 | 1 |
_aSubrahmanyam, K. _926700 |
|
| 942 |
_2ddc _cBK |
||
| 999 |
_c551715 _d551715 |
||